Logo BPK

Biblioteka

Politechniki Koszalińskiej

Fiziko-chimiceskaja mechanika i liofil'nost' dispersnych sistem : (Rekord nr 28599)

Szczegóły MARC
000 -ETYKIETA REKORDU
podpole kontrolne o stałej długości 00578nam a2200145 i 4500
001 - NUMER KONTROLNY REKORDU
pole kontrolne bg
040 ## - ŹRÓDŁO KATALOGOWANIA
Instytucja, która utworzyła rekord BPK
041 ## - KOD JĘZYKA
Kod języka tekstu pol
080 ## - UNIWERSALNA KLASYFIKACJA DZIESIĘTNA - UKD
UKD 541.18
008 - POLE O STAŁEJ DŁUGOŚCI - DANE KONTROLNE
podpole kontrolne o stałej długości s pl f |000 0 pol
245 #0 - TYTUŁ/ODPOWIEDZIALNOŚĆ
Tytuł Fiziko-chimiceskaja mechanika i liofil'nost' dispersnych sistem :
Ciąg dalszy tytułu respublikanskij meżvedomstvennyj sbornik naucnych trudov /
Pozostałe elementy strefy tytułu i oznaczenia odpowiedzialności Akademija Nauk Ukrainskoj SSR. Otdelenie Prirodnych Dispersnych Sistem Instytuta Kolloidnoj Chimii i Chimii Vody im. A. V. Dumanskogo.
260 ## - STREFA ADRESU WYDAWNICZEGO
Miejsce wydania Kiev :
Nazwa wydawcy/dystrybutora "Naukova Dumka",
Data publikacji, dystrybucji/powstania dokumentu 1988.
300 ## - STREFA OPISU FIZYCZNEGO
Objętość 100, [1] s. :
Inne cechy fizyczne rys. ;
Rozmiary 26 cm.
942 ## - DODATKOWE ELEMENTY (KOHA)
Typ dokumentu Książka
Egzemplarze
Wycofany Status egzemplarza Uszkodzony Dostępność Lokalizacja stała Lokalizacja bieżąca Miejsce przechowywania Sygnatura Kod kreskowy Typ dokumentu Numer ubytku
      Dostępny Biblioteka Politechniki Koszalińskiej Biblioteka Politechniki Koszalińskiej Wypożyczalnia BG 34447 01597554 Książka  
  Egz. niedostępny   Niedostępny Biblioteka Politechniki Koszalińskiej Biblioteka Politechniki Koszalińskiej   34448 01597547 Książka 12528
© 2023 Biblioteka Politechniki Koszalińskiej :: KOHA